[Event "SUI-chT"]
[Site "Switzerland"]
[Date "2022.09.03"]
[Round "4.5"]
[White "Cvitan, Ognjen"]
[Black "Wyss, Thomas"]
[Result "1-0"]
[WhiteElo "2454"]
[BlackElo "2265"]
[PlyCount "45"]
[EventDate "2022.05.01"]
[EventType "team-tourn"]
[EventRounds "9"]
[EventCountry "SUI"]
[SourceTitle "EXT 2023"]
[Source "ChessBase"]
[SourceDate "2022.10.05"]
[SourceVersion "1"]
[SourceVersionDate "2022.10.05"]
[SourceQuality "1"]
[WhiteTeam "Riehen"]
[BlackTeam "Wollishofen"]
[WhiteTeamCountry "SUI"]
[BlackTeamCountry "SUI"]

1. d4 d5 2. c4 dxc4 3. e3 Nf6 4. Bxc4 e6 5. Nf3 c5 6. 0-0 cxd4 7. exd4 Nc6 8. Nc3 Be7 9. Re1 0-0 10. a3 a6 11. Ba2 Nd5 12. Qd3 Nxc3 13. bxc3 Bf6 14. Bb1 g6 15. Bh6 Re8 16. Qe3 Bd7 17. Qf4 Rc8 18. Ba2 Bg7 19. Ng5 Qf6 20. Ne4 Qxf4 21. Bxf4 Red8 22. Nd6 Rb8 23. Nc4 1-0

[Event "Zuoz Engiadina op 26th"]
[Site "Zuoz"]
[Date "2019.10.10"]
[Round "5"]
[White "Eschmann, Patrick"]
[Black "Wyss, Thomas"]
[Result "1/2-1/2"]
[WhiteElo "2202"]
[BlackElo "2221"]
[PlyCount "24"]
[EventDate "2019.10.05"]
[EventType "swiss"]
[EventRounds "7"]
[EventCountry "SUI"]
[SourceTitle "EXT 2020"]
[Source "ChessBase"]
[SourceDate "2019.10.17"]
[SourceVersion "1"]
[SourceVersionDate "2019.10.17"]
[SourceQuality "1"]

1. d4 d6 2. e4 Nf6 3. Nc3 g6 4. f4 Bg7 5. Nf3 c5 6. Bb5+ Bd7 7. e5 Ng4 8. e6 fxe6 9. Ng5 Bxb5 10. Nxe6 Bxd4 11. Nxd8 Bf2+ 12. Kd2 Be3+ 1/2-1/2

[Event "Zuerich op 42nd"]
[Site "Zuerich"]
[Date "2018.12.27"]
[Round "2"]
[White "Wyss, Thomas"]
[Black "Vorobiov, Evgeny E"]
[Result "1/2-1/2"]
[WhiteElo "2233"]
[BlackElo "2567"]
[PlyCount "95"]
[EventDate "2018.12.26"]
[EventType "swiss"]
[EventRounds "7"]
[EventCountry "SUI"]
[SourceTitle "CBM 188 Extra"]
[Source "ChessBase"]
[SourceDate "2019.02.26"]
[SourceVersion "1"]
[SourceVersionDate "2019.02.26"]
[SourceQuality "1"]

1. e4 c5 2. Nc3 e6 3. Nge2 Nc6 4. d4 cxd4 5. Nxd4 Qc7 6. Be2 a6 7. 0-0 Nf6 8. Be3 Be7 9. f4 d6 10. Qe1 0-0 11. Qg3 Nxd4 12. Bxd4 b5 13. a3 Bb7 14. Rad1 Rad8 15. Bf3 Rfe8 16. Rfe1 Rd7 17. Kh1 g6 18. Qf2 e5 19. Bb6 Qc8 20. fxe5 dxe5 21. Nd5 Nxd5 22. exd5 Bf8 23. Qg3 Bg7 24. d6 e4 25. Bg4 f5 26. Qb3+ Kh8 27. Be2 Qc6 28. Bc7 Be5 29. c4 bxc4 30. Bxc4 Rxc7 31. dxc7 Qxc7 32. Bd5 Bc8 33. Bf7 Rf8 34. Be6 Qe7 35. Bxc8 Rxc8 36. Rd5 Rb8 37. Qe3 Rxb2 38. Red1 Rb7 39. Qh6 Rb8 40. h3 Bg7 41. Qf4 Rf8 42. Rd7 Qxa3 43. Rxg7 Kxg7 44. Rd7+ Kg8 45. Qe5 Qc1+ 46. Kh2 Qh6 47. Qe6+ Kh8 48. Qe5+ 1/2-1/2

[Event "Zuoz Engiadina op 23rd"]
[Site "Zuoz"]
[Date "2016.10.04"]
[Round "4"]
[White "Hugentobler, Patrick"]
[Black "Wyss, Thomas"]
[Result "0-1"]
[WhiteElo "2219"]
[BlackElo "2247"]
[PlyCount "64"]
[EventDate "2016.10.01"]
[EventType "swiss"]
[EventRounds "7"]
[EventCountry "SUI"]
[SourceTitle "EXT 2017"]
[Source "ChessBase"]
[SourceDate "2016.10.25"]
[SourceVersion "1"]
[SourceVersionDate "2016.10.25"]
[SourceQuality "1"]

1. e4 c5 2. Nc3 e6 3. f4 a6 4. Nf3 Nc6 5. d3 d5 6. Be2 Nf6 7. 0-0 Be7 8. Qe1 b5 9. e5 Ng8 10. Bd1 Nh6 11. Ne2 0-0 12. d4 cxd4 13. Nexd4 Qb6 14. Be3 Bc5 15. c3 b4 16. Bc2 f5 17. Kh1 Bd7 18. Qd2 Na5 19. Bd3 b3 20. Bg1 Nc4 21. Bxc4 dxc4 22. axb3 cxb3 23. h3 Rfd8 24. Qe2 Bc8 25. Qc4 Nf7 26. Nxe6 Bxe6 27. Qxc5 Qb7 28. Qe3 Bd5 29. Qb6 Qc8 30. Nd4 Qc4 31. Rfe1 Qd3 32. e6 Qxh3+ 0-1

[Event "Zuerich op 36th"]
[Site "Zuerich"]
[Date "2012.12.27"]
[Round "3"]
[White "Wyss, Thomas"]
[Black "Bous, Florian"]
[Result "1-0"]
[WhiteElo "2239"]
[BlackElo "2088"]
[PlyCount "57"]
[EventDate "2012.12.26"]
[EventType "swiss"]
[EventRounds "7"]
[EventCountry "SUI"]
[SourceTitle "CBM 152 Extra"]
[Source "ChessBase"]
[SourceDate "2013.02.25"]
[SourceVersion "1"]
[SourceVersionDate "2013.02.25"]
[SourceQuality "1"]

1. e4 e5 2. Nc3 Nf6 3. g3 Bc5 4. Bg2 c6 5. Nge2 d6 6. Na4 Nbd7 7. Nxc5 Nxc5 8. d3 Bg4 9. h3 Be6 10. Be3 Qe7 11. f4 g6 12. 0-0 0-0-0 13. fxe5 dxe5 14. Rxf6 Qxf6 15. Bxc5 Qg5 16. Qe1 Qh5 17. Qf1 f5 18. Qf3 Qg5 19. Qe3 Qf6 20. Bxa7 fxe4 21. Rf1 Qe7 22. Bc5 Qd7 23. Qxe4 Bxh3 24. Nc3 Bxg2 25. Kxg2 Rde8 26. Na4 Qe6 27. Nb6+ Kb8 28. Qa4 e4 29. Rf6 1-0

[Event "Winterthur op 12th"]
[Site "Winterthur"]
[Date "2012.10.12"]
[Round "7"]
[White "Myers, Geoffrey"]
[Black "Wyss, Thomas"]
[Result "1-0"]
[WhiteElo "2151"]
[BlackElo "2258"]
[PlyCount "61"]
[EventDate "2012.10.06"]
[EventType "swiss"]
[EventRounds "9"]
[EventCountry "SUI"]
[SourceTitle "CBM 150 Extra"]
[Source "ChessBase"]
[SourceDate "2012.10.19"]
[SourceVersion "1"]
[SourceVersionDate "2012.10.19"]
[SourceQuality "1"]

1. d4 d5 2. c4 Nc6 3. Nc3 dxc4 4. d5 Ne5 5. f4 Nd7 6. e4 Nb6 7. a4 a5 8. Be3 e6 9. Bxb6 cxb6 10. Bxc4 Bb4 11. Bb5+ Kf8 12. dxe6 Bxe6 13. f5 Qh4+ 14. Kf1 Rd8 15. Qc2 Bc8 16. Nf3 Qh6 17. Ke2 g5 18. Rhd1 Rxd1 19. Rxd1 g4 20. Rd8+ Kg7 21. Ne1 Nf6 22. Rxh8 Kxh8 23. e5 g3 24. hxg3 Qh5+ 25. Nf3 Bxf5 26. Qd2 Ng4 27. Qd8+ Kg7 28. Nd5 Qh6 29. Nf4 Bc5 30. Bc4 Qc6 31. Nh5+ 1-0

[Event "Winterthur op 10th"]
[Site "Winterthur"]
[Date "2010.10.15"]
[Round "8"]
[White "Wyss, Thomas"]
[Black "Papa, Severin"]
[Result "0-1"]
[WhiteElo "2297"]
[BlackElo "2417"]
[PlyCount "60"]
[EventDate "2010.10.09"]
[EventType "swiss"]
[EventRounds "9"]
[EventCountry "SUI"]
[SourceTitle "CBM 138 Extra"]
[Source "ChessBase"]
[SourceDate "2010.10.29"]
[SourceVersion "1"]
[SourceVersionDate "2010.10.29"]
[SourceQuality "1"]

1. e4 c5 2. Nf3 Nf6 3. e5 Nd5 4. Nc3 Nxc3 5. dxc3 Nc6 6. Bc4 e6 7. Bf4 Qb6 8. Rb1 Qc7 9. Bg3 h6 10. h4 b6 11. 0-0 Bb7 12. Qe2 a6 13. a4 Ne7 14. Bd3 Qc6 15. Rfe1 Nf5 16. Bh2 Be7 17. Rbd1 Qxa4 18. Bxf5 exf5 19. e6 dxe6 20. Ne5 Qe4 21. Qf1 Qxh4 22. Bg3 Qg5 23. Nxf7 Kxf7 24. Rxe6 Rad8 25. Rxb6 Rxd1 26. Qxd1 Rd8 27. Qe2 Bd5 28. c4 Be4 29. f3 Qxg3 30. fxe4 Qg4 0-1

[Event "Winterthur op 10th"]
[Site "Winterthur"]
[Date "2010.10.14"]
[Round "7"]
[White "Wanner, Stefan"]
[Black "Wyss, Thomas"]
[Result "0-1"]
[WhiteElo "1973"]
[BlackElo "2297"]
[PlyCount "48"]
[EventDate "2010.10.09"]
[EventType "swiss"]
[EventRounds "9"]
[EventCountry "SUI"]
[SourceTitle "CBM 138 Extra"]
[Source "ChessBase"]
[SourceDate "2010.10.29"]
[SourceVersion "1"]
[SourceVersionDate "2010.10.29"]
[SourceQuality "1"]

1. e4 c5 2. Nf3 e6 3. d4 cxd4 4. Nxd4 Nc6 5. Nc3 Qc7 6. Be2 a6 7. 0-0 Nf6 8. Be3 Bb4 9. Na4 Be7 10. Nxc6 bxc6 11. Nb6 Rb8 12. Nxc8 Rxc8 13. Bxa6 Rb8 14. b3 Nxe4 15. Bd3 Nf6 16. a4 d5 17. f4 Bd6 18. Qf3 h5 19. a5 c5 20. a6 0-0 21. Ra4 Rb4 22. Rxb4 cxb4 23. Ra1 Ng4 24. Bd4 Bc5 0-1

[Event "Winterthur op 10th"]
[Site "Winterthur"]
[Date "2010.10.13"]
[Round "5"]
[White "Ulybin, Mikhail"]
[Black "Wyss, Thomas"]
[Result "1-0"]
[WhiteElo "2544"]
[BlackElo "2297"]
[PlyCount "81"]
[EventDate "2010.10.09"]
[EventType "swiss"]
[EventRounds "9"]
[EventCountry "SUI"]
[SourceTitle "CBM 138 Extra"]
[Source "ChessBase"]
[SourceDate "2010.10.29"]
[SourceVersion "1"]
[SourceVersionDate "2010.10.29"]
[SourceQuality "1"]

1. e4 c5 2. Nf3 e6 3. c3 d5 4. exd5 exd5 5. d4 Nc6 6. Bb5 Bd6 7. dxc5 Bxc5 8. 0-0 Nge7 9. Nbd2 0-0 10. Nb3 Bb6 11. Re1 Bg4 12. h3 Bh5 13. Bg5 Qd6 14. Qd3 h6 15. Be3 Bxe3 16. Qxe3 Nf5 17. Qd3 Bg6 18. Qd2 Rad8 19. Rad1 Qc7 20. Bxc6 bxc6 21. Nc5 Qb6 22. b4 Nd6 23. Ne5 Rfe8 24. Qf4 Bh5 25. g4 Bg6 26. Nxg6 fxg6 27. Rxe8+ Nxe8 28. Ne6 Rb8 29. Qf8+ Kh7 30. Qf7 Qb7 31. Nf8+ Kh8 32. Nxg6+ Kh7 33. Nf8+ Kh8 34. Ng6+ Kh7 35. Ne7 Nf6 36. Re1 Ne4 37. Re3 Rd8 38. Qf5+ Kh8 39. Qf7 Qd7 40. Ng6+ Kh7 41. Nf8+ 1-0

[Event "Winterthur op 10th"]
[Site "Winterthur"]
[Date "2010.10.12"]
[Round "4"]
[White "Remensberger, Hansuli"]
[Black "Wyss, Thomas"]
[Result "0-1"]
[WhiteElo "1989"]
[BlackElo "2297"]
[PlyCount "65"]
[EventDate "2010.10.09"]
[EventType "swiss"]
[EventRounds "9"]
[EventCountry "SUI"]
[SourceTitle "CBM 138 Extra"]
[Source "ChessBase"]
[SourceDate "2010.10.29"]
[SourceVersion "1"]
[SourceVersionDate "2010.10.29"]
[SourceQuality "1"]

1. d4 d5 2. c4 Nc6 3. cxd5 Qxd5 4. e3 e5 5. Nc3 Bb4 6. Bd2 Bxc3 7. bxc3 Qd6 8. Bd3 Nge7 9. Ne2 0-0 10. 0-0 b6 11. Qc2 Kh8 12. a4 Be6 13. Bc1 Na5 14. c4 c5 15. dxe5 Qxe5 16. Bb2 Qh5 17. Nf4 Qh6 18. Nxe6 Qxe6 19. Rae1 Rad8 20. Qc3 f6 21. f4 Qd7 22. Rd1 Qxa4 23. Ra1 Qd7 24. Rfd1 Qe6 25. Kf2 Nf5 26. Bxf5 Qxf5 27. h3 Qe4 28. Rac1 Rfe8 29. Rxd8 Rxd8 30. Qc2 Rd3 31. Re1 Nxc4 32. Qa4 Rd2+ 33. Re2 0-1

[Event "Winterthur op 10th"]
[Site "Winterthur"]
[Date "2010.10.10"]
[Round "2"]
[White "Perunovic, Milos"]
[Black "Wyss, Thomas"]
[Result "1-0"]
[WhiteElo "2558"]
[BlackElo "2297"]
[PlyCount "35"]
[EventDate "2010.10.09"]
[EventType "swiss"]
[EventRounds "9"]
[EventCountry "SUI"]
[SourceTitle "CBM 138 Extra"]
[Source "ChessBase"]
[SourceDate "2010.10.29"]
[SourceVersion "1"]
[SourceVersionDate "2010.10.29"]
[SourceQuality "1"]

1. e4 c5 2. Nf3 e6 3. d4 cxd4 4. Nxd4 Nc6 5. Nc3 Qc7 6. Be2 a6 7. 0-0 Nf6 8. Be3 Bb4 9. Nxc6 bxc6 10. Qd4 c5 11. Qc4 Bb7 12. a3 d5 13. exd5 exd5 14. Qf4 Qxf4 15. Bxf4 Bxc3 16. bxc3 Ne4 17. Bf3 0-0-0 18. Bg4+ 1-0

[Event "SUI-chT"]
[Site "Switzerland"]
[Date "2004.05.02"]
[Round "4.7"]
[White "Montoro, Andreas"]
[Black "Wyss, Thomas"]
[Result "0-1"]
[WhiteElo "2224"]
[BlackElo "2271"]
[PlyCount "150"]
[EventDate "2004.02.29"]
[EventType "team-tourn"]
[EventRounds "9"]
[EventCountry "SUI"]
[SourceTitle "EXT 2005"]
[Source "ChessBase"]
[SourceDate "2004.11.15"]
[SourceVersion "1"]
[SourceVersionDate "2004.11.15"]
[SourceQuality "1"]
[WhiteTeam "Roessli"]
[BlackTeam "Wollishofen"]
[WhiteTeamCountry "SUI"]
[BlackTeamCountry "SUI"]

1. e4 c5 2. Nf3 e6 3. d4 cxd4 4. Nxd4 Nc6 5. Nc3 Qc7 6. Be3 a6 7. Bd3 Nf6 8. 0-0 b5 9. h3 Bb7 10. Nxc6 Bxc6 11. f3 b4 12. Ne2 d5 13. exd5 Nxd5 14. Bf2 Nf4 15. Nxf4 Qxf4 16. Qc1 Qxc1 17. Raxc1 Bd6 18. c3 bxc3 19. Rxc3 Bd5 20. Bc4 Bxc4 21. Rxc4 Ke7 22. Rfc1 Rhb8 23. b3 a5 24. Bh4+ f6 25. Be1 Rb5 26. Kf1 Kd7 27. R1c2 Rd5 28. Ke2 Rb8 29. Rd2 Bb4 30. Rd1 Bxe1 31. Kxe1 Rxd1+ 32. Kxd1 Rb4 33. Rc3 a4 34. bxa4 Rxa4 35. a3 e5 36. Kc2 f5 37. Kb3 Ra8 38. a4 Rb8+ 39. Ka3 Kd6 40. Rc2 e4 41. fxe4 fxe4 42. Rb2 Re8 43. Kb4 e3 44. Re2 Kd5 45. Kc3 Ke4 46. Kc2 Ra8 47. Kd1 Rxa4 48. Rb2 Kd3 49. Rb3+ Kd4 50. Rb7 Ra1+ 51. Ke2 Ra2+ 52. Kf1 Rf2+ 53. Kg1 Rf5 54. Rd7+ Kc3 55. Rc7+ Kd2 56. Rd7+ Ke1 57. Rxg7 e2 58. Rxh7 Rf1+ 59. Kh2 Kd2 60. Re7 e1Q 61. Rxe1 Rxe1 62. Kg3 Ke3 63. Kg4 Ke4 64. Kg5 Ke5 65. h4 Ke6 66. g4 Kf7 67. h5 Kg7 68. Kh4 Re4 69. Kg5 Ra4 70. h6+ Kh7 71. Kh5 Ra1 72. g5 Rh1+ 73. Kg4 Kg6 74. Kf4 Rf1+ 75. Kg4 Rg1+ 0-1

[Event "SUI-chT"]
[Site "Switzerland"]
[Date "2004.04.18"]
[Round "3.6"]
[White "Zenklusen, Rico"]
[Black "Wyss, Thomas"]
[Result "1/2-1/2"]
[WhiteElo "2316"]
[BlackElo "2271"]
[PlyCount "41"]
[EventDate "2004.02.29"]
[EventType "team-tourn"]
[EventRounds "9"]
[EventCountry "SUI"]
[SourceTitle "EXT 2005"]
[Source "ChessBase"]
[SourceDate "2004.11.15"]
[SourceVersion "1"]
[SourceVersionDate "2004.11.15"]
[SourceQuality "1"]
[WhiteTeam "Bern"]
[BlackTeam "Wollishofen"]
[WhiteTeamCountry "SUI"]
[BlackTeamCountry "SUI"]

1. e4 c5 2. Nf3 e6 3. d4 cxd4 4. Nxd4 Nc6 5. Nc3 Qc7 6. g3 a6 7. Bg2 Nf6 8. 0-0 Nxd4 9. Qxd4 Bc5 10. Qd3 d6 11. Bf4 Nd7 12. Na4 e5 13. Bd2 b5 14. Nc3 Nb6 15. a4 Be6 16. axb5 Bc4 17. Qf3 Bxf1 18. Bxf1 a5 19. Nd5 Nxd5 20. exd5 0-0 21. Qf5 1/2-1/2

[Event "SUI-ch 103rd"]
[Site "Silvaplana"]
[Date "2003.07.12"]
[Round "3"]
[White "Wyss, Thomas"]
[Black "Schneider, Marcel"]
[Result "1-0"]
[WhiteElo "2265"]
[BlackElo "2113"]
[PlyCount "41"]
[EventDate "2003.07.10"]
[EventType "swiss"]
[EventRounds "9"]
[EventCountry "SUI"]
[SourceTitle "CBM 095 Extra"]
[Source "ChessBase"]
[SourceDate "2003.09.04"]
[SourceVersion "1"]
[SourceVersionDate "2003.09.04"]
[SourceQuality "1"]

1. e4 e5 2. Nc3 Nf6 3. g3 c6 4. d4 Qa5 5. Bg2 d6 6. Nge2 Be7 7. 0-0 0-0 8. h3 b5 9. Be3 Nbd7 10. a3 Qc7 11. g4 Nb6 12. f4 Nc4 13. Bc1 a6 14. b3 Nb6 15. Bb2 Nfd7 16. Ng3 exf4 17. Nf5 Bf6 18. Rxf4 Bb7 19. g5 Bd8 20. Qh5 c5 21. Rh4 1-0

[Event "Oberliga Baden 0203"]
[Site "Germany"]
[Date "2003.01.26"]
[Round "5.1"]
[White "Kaenel, Hansjuerg"]
[Black "Wyss, Thomas"]
[Result "1-0"]
[WhiteElo "2367"]
[BlackElo "2279"]
[PlyCount "69"]
[EventDate "2002.10.20"]
[EventType "team-tourn"]
[EventRounds "9"]
[EventCountry "GER"]
[SourceTitle "EXT 2018"]
[Source "ChessBase"]
[SourceDate "2017.10.13"]
[SourceVersion "1"]
[SourceVersionDate "2017.10.13"]
[SourceQuality "1"]
[WhiteTeam "Dreisamtal"]
[BlackTeam "Gottmadingen"]
[WhiteTeamCountry "GER"]
[BlackTeamCountry "GER"]

1. Nf3 d5 2. e3 Nf6 3. c4 c6 4. d4 Bf5 5. Nbd2 e6 6. a3 Nbd7 7. b4 Be7 8. Bb2 0-0 9. Be2 Ne4 10. 0-0 a5 11. b5 cxb5 12. cxb5 Rc8 13. Nxe4 Bxe4 14. Rc1 Bxf3 15. Bxf3 Rxc1 16. Bxc1 Nb6 17. e4 Qd7 18. exd5 Nxd5 19. Qb3 Rc8 20. Bd2 Bd8 21. g3 Bb6 22. Rd1 h6 23. Kg2 Rd8 24. a4 Nf6 25. Be3 Nd5 26. Bd2 Qc7 27. Rc1 Qb8 28. Rc4 Qa7 29. Qb2 Ne7 30. d5 exd5 31. Rg4 d4 32. Bxh6 Nf5 33. Bg5 Rc8 34. Qb1 Nd6 35. Rh4 1-0

[Event "SUI-chT"]
[Site "Switzerland"]
[Date "2002.09.08"]
[Round "7.6"]
[White "Vezzosi, Paolo"]
[Black "Wyss, Thomas"]
[Result "0-1"]
[WhiteElo "2394"]
[BlackElo "2279"]
[PlyCount "60"]
[EventDate "2002.03.03"]
[EventType "team-tourn"]
[EventRounds "9"]
[EventCountry "SUI"]
[SourceTitle "EXT 2003"]
[Source "ChessBase"]
[SourceDate "2002.11.25"]
[SourceVersion "1"]
[SourceVersionDate "2002.11.25"]
[SourceQuality "1"]

1. d4 d5 2. Nf3 Nf6 3. c4 c6 4. e3 Bf5 5. Nc3 e6 6. Nh4 Bg4 7. Qb3 Qb6 8. h3 Bh5 9. g4 Bg6 10. Nxg6 hxg6 11. Bg2 Qa6 12. c5 b6 13. g5 Nfd7 14. cxb6 Nxb6 15. e4 N8d7 16. Bf1 Qc8 17. Bf4 Be7 18. Rc1 e5 19. dxe5 Nc5 20. Qc2 d4 21. Nb1 Rh4 22. Bg3 Rxe4+ 23. Kd1 d3 24. Qc3 Nba4 25. Qd2 Bxg5 26. f4 Qf5 27. Bg2 Bxf4 28. Bxe4 Qh5+ 29. Ke1 Bxd2+ 30. Nxd2 Qe2# 0-1

[Event "SUI-chT"]
[Site "Switzerland"]
[Date "2002.03.24"]
[Round "2.8"]
[White "Wyss, Thomas"]
[Black "Wueest, Andrin"]
[Result "1-0"]
[WhiteElo "2279"]
[BlackElo "2251"]
[PlyCount "51"]
[EventDate "2002.03.03"]
[EventType "team-tourn"]
[EventRounds "9"]
[EventCountry "SUI"]
[SourceTitle "EXT 2003"]
[Source "ChessBase"]
[SourceDate "2002.11.25"]
[SourceVersion "1"]
[SourceVersionDate "2002.11.25"]
[SourceQuality "1"]
[WhiteTeam "Wollishofen"]
[BlackTeam "Luzern"]
[WhiteTeamCountry "SUI"]
[BlackTeamCountry "SUI"]

1. e4 e6 2. d4 d5 3. Nc3 Bb4 4. e5 c5 5. a3 Bxc3+ 6. bxc3 Ne7 7. h4 Qa5 8. Bd2 Nbc6 9. h5 cxd4 10. cxd4 Qa4 11. Nf3 Nf5 12. Bd3 Nfxd4 13. Kf1 Nxf3 14. Qxf3 Qd4 15. Re1 Bd7 16. Qg3 f5 17. exf6 Qxf6 18. Bg5 Qf8 19. Rh4 Qc5 20. Rg4 Ne7 21. Qe5 Rf8 22. Bh4 g6 23. hxg6 hxg6 24. Rxg6 0-0-0 25. Bg3 Bb5 26. Qb8+ 1-0

[Event "Zuerich op 25th"]
[Site "Zuerich"]
[Date "2001.12.29"]
[Round "6"]
[White "Wyss, Thomas"]
[Black "Pahud, Cedric"]
[Result "1-0"]
[WhiteElo "2249"]
[BlackElo "2079"]
[PlyCount "41"]
[EventDate "2001.12.26"]
[EventType "swiss"]
[EventRounds "7"]
[EventCountry "SUI"]
[SourceTitle "EXT 2003"]
[Source "ChessBase"]
[SourceDate "2002.11.25"]
[SourceVersion "1"]
[SourceVersionDate "2002.11.25"]
[SourceQuality "1"]

1. e4 c5 2. Nf3 d6 3. d4 cxd4 4. Nxd4 Nf6 5. Nc3 a6 6. Bc4 e6 7. 0-0 Bd7 8. Bb3 Nc6 9. f4 Qc7 10. Be3 Be7 11. f5 Nxd4 12. Bxd4 b5 13. fxe6 fxe6 14. Qf3 e5 15. Nd5 Qb7 16. Be3 Bc6 17. Nxf6+ Bxf6 18. Qh5+ g6 19. Qg4 Rf8 20. Bh6 Bg7 21. Qe6+ 1-0

[Event "Zuerich op 25th"]
[Site "Zuerich"]
[Date "2001.12.27"]
[Round "2"]
[White "Wyss, Thomas"]
[Black "Fridman, Daniel"]
[Result "0-1"]
[WhiteElo "2249"]
[BlackElo "2571"]
[PlyCount "82"]
[EventDate "2001.12.26"]
[EventType "swiss"]
[EventRounds "7"]
[EventCountry "SUI"]
[SourceTitle "EXT 2003"]
[Source "ChessBase"]
[SourceDate "2002.11.25"]
[SourceVersion "1"]
[SourceVersionDate "2002.11.25"]
[SourceQuality "1"]

1. e4 d6 2. d4 Nf6 3. Nc3 g6 4. f4 Bg7 5. Nf3 0-0 6. Be3 b6 7. Qd2 Bb7 8. d5 c6 9. 0-0-0 cxd5 10. exd5 Na6 11. Bxa6 Bxa6 12. Bd4 Bb7 13. h4 Qd7 14. h5 Nxh5 15. Bxg7 Nxg7 16. f5 Qxf5 17. Qh6 f6 18. Qxh7+ Kf7 19. Nd4 Qg5+ 20. Kb1 Bxd5 21. Rhe1 Rg8 22. g4 Bc4 23. b3 e5 24. Ne4 Qxg4 25. Nxd6+ Kf8 26. Nxc4 exd4 27. Qh2 Nf5 28. Qc7 Qf3 29. Nd6 Rg7 30. Qc4 Nxd6 31. Qe6 Ne8 32. Rf1 Qb7 33. Rh1 Qf7 34. Qe4 Rd8 35. Rxd4 Rxd4 36. Qxd4 Kg8 37. Re1 Kf8 38. Qb4+ Kg8 39. Qa4 Kf8 40. Qb4+ Kg8 41. Qa4 Nd6 0-1

[Event "SUI-chT"]
[Site "Switzerland"]
[Date "2001.10.27"]
[Round "8.5"]
[White "Wirthensohn, Heinz"]
[Black "Wyss, Thomas"]
[Result "1/2-1/2"]
[WhiteElo "2357"]
[BlackElo "2290"]
[PlyCount "120"]
[EventDate "2001.03.04"]
[EventType "team-tourn"]
[EventRounds "9"]
[EventCountry "SUI"]
[SourceTitle "EXT 2002"]
[Source "ChessBase"]
[SourceDate "2001.11.25"]
[SourceVersion "1"]
[SourceVersionDate "2001.11.25"]
[SourceQuality "1"]
[WhiteTeam "Reichenstein"]
[BlackTeam "Wollishofen"]
[WhiteTeamCountry "SUI"]
[BlackTeamCountry "SUI"]

1. d4 d5 2. Nf3 Nc6 3. g3 g6 4. Bg2 Bg7 5. 0-0 e6 6. c3 Nge7 7. Nbd2 e5 8. Nxe5 Nxe5 9. dxe5 Bxe5 10. e4 dxe4 11. Nc4 Qxd1 12. Rxd1 Bg4 13. Re1 Bf6 14. Bxe4 0-0-0 15. Na5 b6 16. Nc6 Nxc6 17. Bxc6 Be6 18. Bf4 Bd5 19. Bxd5 Rxd5 20. Rad1 Rhd8 21. Rxd5 Rxd5 22. Re8+ Rd8 23. Rxd8+ Kxd8 24. g4 Kd7 25. Kg2 b5 26. Kf3 c6 27. Ke4 Ke6 28. Be3 a5 29. f4 a4 30. Bc5 Bg7 31. f5+ gxf5+ 32. gxf5+ Kd7 33. h3 Bf6 34. Kd3 Be7 35. Be3 Kd6 36. Ke4 Bf6 37. Bd2 c5 38. Bf4+ Kc6 39. Be5 Bg5 40. b3 axb3 41. axb3 Bd2 42. c4 b4 43. Bg7 Bc3 44. Bxc3 bxc3 45. Kd3 Kd6 46. Kxc3 Ke5 47. b4 cxb4+ 48. Kxb4 Kxf5 49. Kb5 Ke6 50. Kb6 Kd7 51. c5 Kc8 52. Kc6 f5 53. Kd5 Kd7 54. h4 f4 55. Ke4 Kc6 56. Kxf4 Kxc5 57. Kg5 Kd6 58. Kh6 Ke7 59. Kxh7 Kf7 60. h5 Kf8 1/2-1/2

[Event "SUI-chT"]
[Site "Switzerland"]
[Date "2001.03.04"]
[Round "1.5"]
[White "Vezzosi, Paolo"]
[Black "Wyss, Thomas"]
[Result "0-1"]
[WhiteElo "2295"]
[BlackElo "2290"]
[PlyCount "70"]
[EventDate "2001.03.04"]
[EventType "team-tourn"]
[EventRounds "9"]
[EventCountry "SUI"]
[SourceTitle "EXT 2002"]
[Source "ChessBase"]
[SourceDate "2001.11.25"]
[SourceVersion "1"]
[SourceVersionDate "2001.11.25"]
[SourceQuality "1"]
[WhiteTeam "Mendrisio"]
[BlackTeam "Wollishofen"]
[WhiteTeamCountry "SUI"]
[BlackTeamCountry "SUI"]

1. d4 d5 2. c4 Nc6 3. Nf3 Bg4 4. cxd5 Bxf3 5. gxf3 Qxd5 6. e3 e5 7. Nc3 Bb4 8. Bd2 Bxc3 9. bxc3 Qd6 10. Rb1 b6 11. Bc4 Nge7 12. 0-0 0-0 13. Kh1 Rad8 14. Rg1 Na5 15. Qa4 Nxc4 16. Qxc4 c5 17. Rg5 cxd4 18. Rbg1 g6 19. cxd4 exd4 20. Bb4 Qf6 21. Bxe7 Qxe7 22. exd4 Qf6 23. R1g3 Rxd4 24. Qe2 Rfd8 25. Kg2 Kg7 26. R5g4 Rd2 27. Qe3 R8d3 28. Qe4 Rc3 29. f4 Rcc2 30. Rf3 Re2 31. Qa4 Rcd2 32. Qb3 Qd4 33. Kh3 Rxf2 34. Rxf2 Qxf2 35. Qc3+ Qd4 0-1

[Event "Zuerich op 24th"]
[Site "Zuerich"]
[Date "2000.12.28"]
[Round "4"]
[White "Wyss, Thomas"]
[Black "Kelecevic, Nedeljko"]
[Result "1-0"]
[WhiteElo "2195"]
[BlackElo "2414"]
[PlyCount "123"]
[EventDate "2000.12.26"]
[EventType "swiss"]
[EventRounds "7"]
[EventCountry "SUI"]
[SourceTitle "EXT 2002"]
[Source "ChessBase"]
[SourceDate "2001.11.25"]
[SourceVersion "1"]
[SourceVersionDate "2001.11.25"]
[SourceQuality "1"]

1. e4 c5 2. Nf3 Nc6 3. d4 cxd4 4. Nxd4 Qc7 5. Nc3 e6 6. Be3 a6 7. Bd3 Nf6 8. 0-0 Nxd4 9. Bxd4 Bc5 10. Bxc5 Qxc5 11. Na4 Qc7 12. c4 d6 13. Rc1 b6 14. f4 Bb7 15. Qe2 0-0 16. Nc3 Rfe8 17. Kh1 Rac8 18. e5 Nd7 19. exd6 Qxd6 20. Rcd1 Qc7 21. Bxh7+ Kxh7 22. Qd3+ Kg8 23. Qxd7 Re7 24. Qxc7 Rexc7 25. Rd6 Rc6 26. Rfd1 Rxd6 27. Rxd6 Rxc4 28. Rxb6 Rxf4 29. Kg1 Bc8 30. Rc6 Bb7 31. Rb6 Bc8 32. b3 Kh7 33. Rc6 Bb7 34. Rc7 Rb4 35. Rxf7 Kg6 36. Rc7 Kf6 37. Kf2 g5 38. g3 Bh1 39. Ke3 Rb8 40. Ne4+ Bxe4 41. Kxe4 Rb5 42. Rc4 a5 43. Kf3 Kf5 44. h4 Rd5 45. g4+ Kf6 46. h5 Rd3+ 47. Ke2 Rd5 48. Ke3 Rd1 49. Ra4 Rd5 50. Rd4 Rc5 51. Rc4 Rd5 52. Rc2 Re5+ 53. Kf3 Rd5 54. Rh2 Rd3+ 55. Ke4 Rg3 56. h6 Rxg4+ 57. Kf3 Rh4 58. Rxh4 gxh4 59. Kg4 Kg6 60. a3 e5 61. b4 e4 62. Kxh4 1-0